Ресурсосберегающие экологически безопасные технологии производства и переработки сельскохозяйственной продукции (Запись № 9863294)

Подробности
000 -МАРКЕР
контрольное поле 02989nam1a2200325 4500
001 - ИДЕНТИФИКАТОР ЗАПИСИ
контрольное поле RU\NLR\BIBL_A\010434202
005 - ИДЕНТИФИКАТОР ВЕРСИИ
контрольное поле 20140725151043.0
035 ## - ДРУГИЕ СИСТЕМНЫЕ НОМЕРА
Идентификатор записи (NLR Aleph) 010434202
100 ## - ДАННЫЕ ОБЩЕЙ ОБРАБОТКИ
Данные общей обработки 20140703d2013 km y0rusy50 ca
101 0# - ЯЗЫК РЕСУРСА
Язык текста, звукозаписи и т.д. русский
102 ## - СТРАНА ПУБЛИКАЦИИ ИЛИ ПРОИЗВОДСТВА
Страна публикации Российская Федерация
105 ## - ПОЛЕ КОДИРОВАННЫХ ДАННЫХ: ТЕКСТОВЫЕ МАТЕРИАЛЫ, МОНОГРАФИЧЕСКИЕ
Кодированные данные о монографическом текстовом документе ||||z||||||||
200 1# - ЗАГЛАВИЕ И СВЕДЕНИЯ ОБ ОТВЕТСТВЕННОСТИ
Основное заглавие Ресурсосберегающие экологически безопасные технологии производства и переработки сельскохозяйственной продукции
Сведения, относящиеся к заглавию материалы IX международной научно-практической конференции, посвященной 85-летию со дня рождения и памяти доктора сельскохозяйственных наук профессора заслуженного деятеля науки Российской Федерации и Республики Мордовия Сергея Александровича Лапшина Лапшинские чтения, Саранск, 18-19 апреля 2013 года
-- в 2 ч.
Первые сведения об ответственности [редкол.: Емельянов С.В. и др.]
210 ## - ПУБЛИКАЦИЯ, РАСПРОСТРАНЕНИЕ И ДР.
Место издания, распространения и т.д. Саранск
Имя издателя, распространителя и т. д. Изд-во Мордовского университета
Дата издания, распространения и т.д. 2013
215 ## - ФИЗИЧЕСКАЯ ХАРАКТЕРИСТИКА
Размеры 21
225 1# - СЕРИЯ
Основное заглавие серии Лапшинские чтения
300 ## - ОБЩИЕ ПРИМЕЧАНИЯ
Текст примечания В надзаг.: Правительство Респ. Мордовия, ФГБОУ ВПО "Мордовский гос. ун-т им. Н. П. Огарева", М-во сел. хоз-ва и продовольствия Респ. Мордовия, ГНУ "Морд. НИИ сел. хоз-ва" Россельхозакадемии, ФГБОУ ДПОС "Морд. ин-т переподгот. кадров агробизнеса"
600 #1 - ИМЯ ЛИЦА КАК ПРЕДМЕТ
Начальный элемент ввода Лапшин
Часть имени, кроме начального элемента ввода С.А.
Расширение инициалов личного имени Сергей Александрович
Даты 1928 - 2004
Код системы nlr_sh2
Идентификатор авторитетной/нормативной записи RU\NLR\AUTH\661454426
606 1# - НАИМЕНОВАНИЕ ТЕМЫ КАК ПРЕДМЕТ
Наименование темы Сельское хозяйство
Тематический подзаголовок Экологически чистые технологии ресурсосберегающие
Формальный подзаголовок Съезды, совещания и т.п
Код системы nlr_sh2
Идентификатор авторитетной/нормативной записи RU\NLR\AUTH\661454427
686 1# - ИНДЕКСЫ ДРУГИХ КЛАССИФИКАЦИЙ
Индекс П5д(2) Лапшин
686 1# - ИНДЕКСЫ ДРУГИХ КЛАССИФИКАЦИЙ
Индекс П028я431(0)
702 #1 - ИМЯ ЛИЦА - ВТОРИЧНАЯ ОТВЕТСТВЕННОСТЬ
Начальный элемент ввода Емельянов
Часть имени, кроме начального элемента ввода С. В.
Расширение инициалов личного имени Сергей Владимирович
Код отношения Редактор
702 #1 - ИМЯ ЛИЦА - ВТОРИЧНАЯ ОТВЕТСТВЕННОСТЬ
Начальный элемент ввода Лапшин
Часть имени, кроме начального элемента ввода С. А.
Даты 1928-
Расширение инициалов личного имени Сергей Александрович
Идентификатор авторитетной/нормативной записи RU\NLR\AUTH\7744937
Код отношения Прочие
711 12 - НАИМЕНОВАНИЕ ОРГАНИЗАЦИИ - АЛЬТЕРНАТИВНАЯ ОТВЕТСТВЕННОСТЬ
Начальный элемент ввода "Ресурсосберегающие экологически безопасные технологии получения сельскохозяйственной продукции", международная научно-практическая конференция
Порядковый номер временной организации и / или порядковый номер ее части 9
Дата проведения временной организации 2013
Место проведения временной организации Саранск
Идентификатор авторитетной/нормативной записи RU\NLR\AUTH\880372945
852 ## - МЕСТОНАХОЖДЕНИЕ И ШИФР ХРАНЕНИЯ
Идентификатор организации NLR
Шифр хранения (Call Number) 2014-3/19474
942 ## - ДОПОЛНИТЕЛЬНЫЕ ЭЛЕМЕНТЫ ЗАПИСИ (АБИС)
Тип экземпляра АБИС Книга
980 ## - КОЛЛЕКЦИЯ
Название коллекции Национальная библиография

Нет доступных экземпляров.